| 000 | 00458nam a22001577a 4500 | ||
|---|---|---|---|
| 005 | 20241216145257.0 | ||
| 008 | 241216b ||||| |||| 00| 0 eng d | ||
| 040 | _cAL | ||
| 041 | _aEnglish | ||
| 082 |
_223 _a348.04 _bCHAA |
||
| 100 |
_aTejinder Pal Singh Chawla _9191149 |
||
| 245 | _aAll India Criminal Law Reporter: Vol 104 2014(4) | ||
| 260 |
_aChandigarh _bAll India Criminal Law Reporter _c2014 |
||
| 650 |
_aCriminal law _9191150 |
||
| 942 |
_2ddc _cBI |
||
| 999 |
_c232963 _d232963 |
||